000
00195 a2200097 4500
020
_a
8420445851
041
_a
spa
100
_a
Quiroga, Horacio
245
_a
Los cuentos de mis hijos
942
_c
BK
999
_c
28562
_d
28562